Zvyšovanie bezpečnosti a zlepšovanie kvality v logistike

Ochrana materiálového roku v logistike. Činnosť organizácie TAPA, ktorej cieľom je ochrana výrobkov v rámci logistického reťazca. Eliminácia kriminálnej činnosti a prevencia pred krádežmi počas logistických operácií. Bezpčenostné štandardy FSR. Získanie certifikátu TAPA. Členovia TAPA.

Gespeichert in:
Bibliographische Detailangaben
1. Verfasser: Moravčík, Tomáš
Format: Buchkapitel
Sprache:Slowakisch
Schlagworte:
Tags: Tag hinzufügen
Keine Tags, Fügen Sie das erste Tag hinzu!

MARC

LEADER 00000naa$a2200000$$$4500
001 0071756
005 20231128134538.3
041 0 |a slo 
044 |a CZ 
245 1 0 |a Zvyšovanie bezpečnosti a zlepšovanie kvality v logistike  |c Tomáš Moravčík 
520 |a Ochrana materiálového roku v logistike. Činnosť organizácie TAPA, ktorej cieľom je ochrana výrobkov v rámci logistického reťazca. Eliminácia kriminálnej činnosti a prevencia pred krádežmi počas logistických operácií. Bezpčenostné štandardy FSR. Získanie certifikátu TAPA. Členovia TAPA. 
610 2 0 |a bezpečnosť 
610 2 0 |a ochrana majetku 
610 2 0 |a tovar 
610 2 0 |a preprava 
610 2 0 |a doprava 
610 2 0 |a logistika 
610 2 0 |a organizácie 
610 2 0 |a kvalita 
100 1 |a Moravčík, Tomáš